| 000 | 00797cam a22002292 4500 | ||
|---|---|---|---|
| 001 | 0000003505 | ||
| 005 | 20151217155823.0 | ||
| 008 | 070508s xx 000 0 eng d | ||
| 020 | _a9966813063 : | ||
| 040 |
_aKABU _cKABU |
||
| 050 | 0 |
_aLA1503 _b.E58 |
|
| 245 | 1 | 0 |
_aEnvisioning the African University of the future : _ba report of retreat on higher education, May 29-June 1 2001 Durban, South Africa / _cWritten by Amina Mama and G. Hamilton. |
| 260 |
_aNairobi : _bFord Foundation, _c2003. |
||
| 300 | _a74 p. | ||
| 650 | 0 |
_aUniversity _zAfrica. _@0000153471 |
|
| 650 | 0 |
_aEducation, Higher _zAfrica. _@0000153457 |
|
| 700 | 1 |
_aMama, Amina. _@0000153472 |
|
| 700 | 1 |
_aHamilton, G. _@0000153473 |
|
| 908 | _a070508 | ||
| 950 | _@1 | ||
| 999 |
_c12866 _d12866 |
||